000 00865nam a2200229 u 4500
001 000022893
003 DO-SdBNP
005 20231116092056.0
008 101122s1997 dr r 000 0 spa d
020 _a9978402438
040 _aDO-SdBNP
_bspa
_cBNPHU
082 4 _a339.46
_bE82p
_222
245 0 0 _aEstrategias para reducir la pobreza en américa latina y el caribe /
_ceditor, José Vicente Zevallos.
260 _aQuito :
_bPNUD,
_c1997.
300 _a468 p. :
_bil. ;
_c23 cm.
500 _aUn estudio del proyecto "Mitigación de la pobreza y desarrollo social" del programa de las Naciones Unidas para el Desarrollo
650 4 _aPobreza
_zAmérica Latina
_94088
651 4 _aAmérica Latina
_xCondiciones económicas
_95778
651 4 _aAmérica Latina
_xCondiciones sociales
_95034
700 1 _aVicente Zevallos, José
_eed.
_947058
942 _2ddc
_cLBS1
999 _c22390
_d22390